000 00658nam a22002055i 4500
001 152694
003 ES-MaACL
005 20251217063019.0
008 040721s1878 gw |||| | eng d
040 _aCAM
_bspa
_cCAM
080 _a821.111(73)-32"18"
100 1 _aHarte, Bret,
_d1839-1902
_961971
245 1 0 _aDrift from two shores /
_cby Bret Harte.
260 _aLeipzig :
_bBernhard Tauchnitz,
_c1878.
300 _a285 p. ;
_c17 cm.
490 1 _aCollection of British Authors ;
_v1874
830 0 _aCollection of British Authors ;
_v1874
_9180703
852 _aES-MaACL
_jG-12452
_z-- Enc. pasta espaƱola
999 _c152694
_d152694